[Event "Ljubljana-chT 74th"]
[Site "Ljubljana"]
[Date "2022.03.10"]
[Round "8.4"]
[White "Macek, Inti"]
[Black "Vidergar, Milan"]
[Result "0-1"]
[WhiteElo "1183"]
[BlackElo "1753"]
[PlyCount "64"]
[EventDate "2022.01.13"]
[EventType "team-swiss"]
[EventRounds "9"]
[EventCountry "SLO"]
[SourceTitle "EXT 2024"]
[Source "ChessBase"]
[SourceDate "2023.10.10"]
[SourceVersion "1"]
[SourceVersionDate "2023.10.10"]
[SourceQuality "1"]
[WhiteTeam "Komenda Pogi"]
[BlackTeam "Crni Graben"]
[WhiteTeamCountry "SLO"]
[BlackTeamCountry "SLO"]

1. d4 d5 2. Nf3 g6 3. c4 Nf6 4. Nc3 Bg7 5. Bf4 a6 6. e3 0-0 7. Be2 e6 8. 0-0 Nc6 9. Qc2 Ne7 10. Rac1 c6 11. Rfd1 dxc4 12. Bxc4 Nfd5 13. Bg3 Nf5 14. Be5 f6 15. Bg3 h5 16. Bxd5 cxd5 17. Ne2 Bd7 18. Bc7 Qe7 19. Qc5 Qxc5 20. Rxc5 Rac8 21. Rdc1 Bc6 22. Bb6 g5 23. Nd2 Nd6 24. h3 Rfe8 25. f3 Bf8 26. R5c2 Nf5 27. e4 Ne3 28. Rc3 Bb4 29. Rb3 Bxd2 30. Rb1 Nc4 31. Rd3 dxe4 32. fxe4 Bxe4 0-1

[Event "SLO-chT Central 22nd"]
[Site "Slovenia"]
[Date "2021.09.30"]
[Round "3.3"]
[White "Timagina, Sofia"]
[Black "Vidergar, Milan"]
[Result "0-1"]
[WhiteElo "1472"]
[BlackElo "1753"]
[PlyCount "60"]
[EventDate "2021.09.16"]
[EventType "team-tourn"]
[EventRounds "7"]
[EventCountry "SLO"]
[SourceTitle "EXT 2024"]
[Source "ChessBase"]
[SourceDate "2023.10.10"]
[SourceVersion "1"]
[SourceVersionDate "2023.10.10"]
[SourceQuality "1"]
[WhiteTeam "Domzale SD"]
[BlackTeam "Crni Graben"]
[WhiteTeamCountry "SLO"]
[BlackTeamCountry "SLO"]

1. e4 e5 2. Nf3 Nc6 3. Bc4 d6 4. d4 a6 5. 0-0 Bg4 6. d5 Nd4 7. Be2 Nxe2+ 8. Qxe2 h5 9. Be3 f5 10. exf5 Nf6 11. c4 Be7 12. h3 e4 13. hxg4 exf3 14. Qxf3 hxg4 15. Qe2 Qd7 16. Qd3 Rh5 17. Nc3 Kf7 18. Ne2 Rah8 19. Ng3 R5h7 20. Rfe1 Nh5 21. Rad1 Bf6 22. Qe4 Nxg3 23. fxg3 Be5 24. Qxg4 Qa4 25. Qg6+ Kf8 26. c5 Qc2 27. Rd2 Qe4 28. Ree2 Rh1+ 29. Kf2 R8h2 30. cxd6 Rxg2# 0-1

[Event "SLO-chT Central 22nd"]
[Site "Slovenia"]
[Date "2021.09.23"]
[Round "2.3"]
[White "Vidergar, Milan"]
[Black "Borstnik, Ales"]
[Result "1-0"]
[WhiteElo "1753"]
[BlackElo "1790"]
[PlyCount "73"]
[EventDate "2021.09.16"]
[EventType "team-tourn"]
[EventRounds "7"]
[EventCountry "SLO"]
[SourceTitle "EXT 2024"]
[Source "ChessBase"]
[SourceDate "2023.10.10"]
[SourceVersion "1"]
[SourceVersionDate "2023.10.10"]
[SourceQuality "1"]
[WhiteTeam "Crni Graben"]
[BlackTeam "Trzin Buscotrade"]
[WhiteTeamCountry "SLO"]
[BlackTeamCountry "SLO"]

1. d4 Nf6 2. c4 g6 3. Nc3 Bg7 4. e3 0-0 5. Bd3 d6 6. Qc2 Nc6 7. a3 e5 8. d5 Ne7 9. Bd2 Nd7 10. 0-0-0 f5 11. e4 Nc5 12. f3 Nxd3+ 13. Qxd3 a6 14. h4 f4 15. Nh3 Bd7 16. h5 Bxh3 17. hxg6 Bd7 18. gxh7+ Kh8 19. Rdg1 Ng6 20. g3 Qe7 21. Ne2 b5 22. gxf4 bxc4 23. Qc2 Nxf4 24. Nxf4 exf4 25. Bc3 Rf7 26. Qg2 Re8 27. Rh4 Qf8 28. Qg6 Ree7 29. Qh6 Qb8 30. Rxf4 Re5 31. Qg6 Rfe7 32. Bxe5 dxe5 33. Rf7 Rxf7 34. Qxf7 Qf8 35. Qxf8+ Bxf8 36. Rg8+ Kxh7 37. Rxf8 1-0

[Event "SLO-chT Central 1st League 20th"]
[Site "Slovenia"]
[Date "2019.09.12"]
[Round "1.3"]
[White "Vidergar, Milan"]
[Black "Krupenko, Katja"]
[Result "1-0"]
[WhiteElo "1753"]
[BlackElo "1477"]
[PlyCount "93"]
[EventDate "2019.09.12"]
[EventType "team-tourn"]
[EventRounds "9"]
[EventCountry "SLO"]
[SourceTitle "EXT 2024"]
[Source "ChessBase"]
[SourceDate "2023.10.10"]
[SourceVersion "1"]
[SourceVersionDate "2023.10.10"]
[SourceQuality "1"]
[WhiteTeam "Crni Graben"]
[BlackTeam "Medvode"]
[WhiteTeamCountry "SLO"]
[BlackTeamCountry "SLO"]

1. e4 e5 2. f4 exf4 3. Nf3 h6 4. d4 g5 5. Bc4 d6 6. h3 Bg7 7. b3 Nf6 8. Nbd2 a6 9. a4 Nc6 10. Bb2 Qe7 11. Qe2 Nh5 12. Ne5 Ng3 13. Bxf7+ Kd8 14. Nxc6+ bxc6 15. Qc4 Bd7 16. 0-0-0 Nxh1 17. Rxh1 Rf8 18. Bh5 Qe6 19. Qd3 c5 20. dxc5 Bxb2+ 21. Kxb2 Qe5+ 22. Qc3 Qxc5 23. Qxc5 dxc5 24. Nc4 Be6 25. Rd1+ Kc8 26. Ne5 Rd8 27. Rxd8+ Kxd8 28. Nd3 c4 29. Nc5 Bg8 30. Bf3 cxb3 31. cxb3 a5 32. e5 Rb8 33. Kc3 Rb6 34. Nb7+ Ke7 35. Nxa5 c5 36. Nc4 Bxc4 37. Kxc4 Ke6 38. Kxc5 Rxb3 39. Bd5+ Kxe5 40. Bxb3 h5 41. Bd1 Ke4 42. Bf3+ Ke3 43. a5 Kf2 44. a6 g4 45. hxg4 hxg4 46. Bxg4 Kxg2 47. a7 1-0